Central Library and Information Centre
Sibsagar Girls' College, Sivasagar : Assam

GEOGRAPHY OF RESOURCES (Record no. 5373)

MARC details
000 -LEADER
fixed length control field 00444cam a2200181ua 4500
008 - FIXED-LENGTH DATA ELEMENTS--GENERAL INFORMATION
fixed length control field 161107n II |||gr||||Z||||||eng
040 ## - CATALOGING SOURCE
Original cataloging agency MAIN
041 ## - LANGUAGE CODE
-- English
082 ## - DEWEY DECIMAL CLASSIFICATION NUMBER
Classification number 910 SIN
100 ## - MAIN ENTRY--PERSONAL NAME
Personal name SINGH NEGI, BALBIR.
245 ## - TITLE STATEMENT
Title GEOGRAPHY OF RESOURCES
260 ## - PUBLICATION, DISTRIBUTION, ETC.
Place of publication, distribution, etc. MEERUT:
Name of publisher, distributor, etc. KEDERNATH RAMNATH,
Date of publication, distribution, etc. 1992.
300 ## - PHYSICAL DESCRIPTION
Extent 734:
Dimensions 25CM.
700 ## - ADDED ENTRY--PERSONAL NAME
Personal name SINGH NEGI, BALBIR.,
Relator term AUTHOR.
942 ## - ADDED ENTRY ELEMENTS (KOHA)
Koha item type Books
653 ## - INDEX TERM--UNCONTROLLED
Uncontrolled term Geography & travel
Holdings
Withdrawn status Lost status Damaged status Not for loan Collection code Home library Current library Shelving location Date acquired Full call number Barcode Date last seen Copy number Price effective from Koha item type
        TBGEO Central Library and Information Centre Sibsagar Girls College Central Library and Information Centre Sibsagar Girls College Geography Rack 19.06.1995 910 SIN 13461 27.02.2020 1 27.02.2020 Books


Sibsagar Girl's College © 2020. All rights reserved.
Powered by Koha.
Maintained by Abhijit Borpuzari.